Kȧṭṭile cilampoli. (Record no. 60709)

MARC details
000 -LEADER
fixed length control field 00516cam a22002171 4500
001 - CONTROL NUMBER
control field sa 64008133
003 - CONTROL NUMBER IDENTIFIER
control field DLC
005 - DATE AND TIME OF LATEST TRANSACTION
control field 20260227112052.0
008 - FIXED-LENGTH DATA ELEMENTS--GENERAL INFORMATION
fixed length control field 891005s1963 ii 000 1 malo
010 ## - LIBRARY OF CONGRESS CONTROL NUMBER
LC control number sa 64008133
035 ## - SYSTEM CONTROL NUMBER
System control number (OCoLC)20446315
040 ## - CATALOGING SOURCE
Original cataloging agency DLC
Transcribing agency WaU
Modifying agency DLC
042 ## - AUTHENTICATION CODE
Authentication code premarc
050 00 - LIBRARY OF CONGRESS CALL NUMBER
Classification number PL4718.9.J19
Item number K3
100 1# - MAIN ENTRY--PERSONAL NAME
Personal name Jacob, Issac.
245 10 - TITLE STATEMENT
Title Kȧṭṭile cilampoli.
260 ## - PUBLICATION, DISTRIBUTION, ETC.
Place of publication, distribution, etc. [Kottayam?
Date of publication, distribution, etc. 1963]
300 ## - PHYSICAL DESCRIPTION
Extent 150 p.
Dimensions 18 cm.
500 ## - GENERAL NOTE
General note In Malayalam.
500 ## - GENERAL NOTE
General note A novel.

No items available.

Powered by Koha